[Event "Guanabara CC op 3rd"]
[Site "Rio de Janeiro"]
[Date "2017.08.19"]
[Round "3"]
[White "Porto, Cristiano Nogueira"]
[Black "Santos Filho, Tadeu Souza"]
[Result "1/2-1/2"]
[WhiteElo "2250"]
[BlackElo "2065"]
[PlyCount "80"]
[EventDate "2017.08.12"]
[EventType "swiss"]
[EventRounds "6"]
[EventCountry "BRA"]
[SourceTitle "CBM 180 Extra"]
[Source "ChessBase"]
[SourceDate "2017.10.06"]
[SourceVersion "1"]
[SourceVersionDate "2017.10.06"]
[SourceQuality "1"]

1. e4 e6 2. d4 d5 3. Nd2 Be7 4. Ngf3 Nf6 5. e5 Nfd7 6. Bd3 c5 7. c3 Nc6 8. Bc2 a5 9. a3 b6 10. 0-0 0-0 11. Re1 f6 12. exf6 Nxf6 13. Nf1 Bd6 14. Bg5 Qc7 15. Bh4 Bd7 16. Bg3 Rae8 17. Ne5 Bc8 18. Rc1 c4 19. f4 b5 20. Ne3 Ne7 21. Rf1 Nf5 22. Bf2 Nxe3 23. Bxe3 Bxe5 24. fxe5 Ne4 25. Rxf8+ Rxf8 26. Qg4 a4 27. Bxe4 dxe4 28. Qxe4 Bb7 29. Qg4 Bd5 30. h4 Qf7 31. Kh2 Qf5 32. Qg3 Rf7 33. Rd1 Qh5 34. Rd2 Rf5 35. Bg5 h6 36. Be3 Kh7 37. Kg1 Qf7 38. Rf2 Rxf2 39. Bxf2 Qf5 40. Be1 Qc2 1/2-1/2

[Event "Guanabara CC op 3rd"]
[Site "Rio de Janeiro"]
[Date "2017.08.12"]
[Round "2"]
[White "Baeta, Marcio Netto"]
[Black "Porto, Cristiano Nogueira"]
[Result "1/2-1/2"]
[WhiteElo "1967"]
[BlackElo "2250"]
[PlyCount "55"]
[EventDate "2017.08.12"]
[EventType "swiss"]
[EventRounds "6"]
[EventCountry "BRA"]
[SourceTitle "CBM 180 Extra"]
[Source "ChessBase"]
[SourceDate "2017.10.06"]
[SourceVersion "1"]
[SourceVersionDate "2017.10.06"]
[SourceQuality "1"]

1. e4 e5 2. Bc4 Nf6 3. d4 exd4 4. Nf3 d6 5. 0-0 Be7 6. Qxd4 Nc6 7. Qe3 0-0 8. Nc3 Re8 9. h3 Bf8 10. Bb3 Be6 11. Bxe6 Rxe6 12. Nd4 Nxd4 13. Qxd4 Qe8 14. Nd5 Nxd5 15. exd5 Re4 16. Qd3 g6 17. Bd2 Bg7 18. Rfe1 Rxe1+ 19. Rxe1 Qd7 20. b3 Rc8 21. c4 h5 22. Re4 Qf5 23. Be3 b6 24. g4 Qf3 25. gxh5 Qxh5 26. Bd4 Bxd4 27. Qxd4 Qg5+ 28. Kh2 1/2-1/2

[Event "Rio de Janeiro rap op 2nd"]
[Site "Rio de Janeiro"]
[Date "2012.08.04"]
[Round "3"]
[White "Porto, Cristiano Nogueira"]
[Black "Viana, Dirceu"]
[Result "1-0"]
[WhiteElo "2250"]
[BlackElo "2286"]
[PlyCount "93"]
[EventDate "2012.08.04"]
[EventType "swiss (rapid)"]
[EventRounds "7"]
[EventCountry "BRA"]
[SourceTitle "EXT 2014"]
[Source "ChessBase"]
[SourceDate "2013.11.20"]
[SourceVersion "1"]
[SourceVersionDate "2013.11.20"]
[SourceQuality "1"]

1. e4 e6 2. d4 d5 3. Nd2 a6 4. Ngf3 c5 5. c3 Nc6 6. e5 c4 7. b3 b5 8. a4 Bd7 9. Be2 Nh6 10. 0-0 Nf5 11. Re1 Be7 12. Nf1 Na5 13. axb5 Nxb3 14. Rxa6 Rxa6 15. bxa6 Qa5 16. Bb2 0-0 17. N3d2 Nxd2 18. Qxd2 Qxa6 19. Ra1 Qb7 20. Bd1 Rb8 21. Bc1 h6 22. Bc2 Nh4 23. Ng3 Ra8 24. Rb1 Qc8 25. h3 Ba4 26. Bxa4 Rxa4 27. Qb2 Bf8 28. Qb5 Qa6 29. Qd7 Ra1 30. Rb7 Rxc1+ 31. Kh2 Qxb7 32. Qxb7 Rxc3 33. Qb2 Rb3 34. Qe2 Rd3 35. Qg4 Ng6 36. h4 Bb4 37. h5 Ne7 38. Qe2 Rxd4 39. Qa2 Nf5 40. Qa8+ Kh7 41. Nxf5 exf5 42. Qc8 Rh4+ 43. Kg1 Rxh5 44. Qb7 Bd2 45. Qxf7 c3 46. Qxh5 c2 47. Qxf5+ 1-0

[Event "Rio de Janeiro rap op 2nd"]
[Site "Rio de Janeiro"]
[Date "2012.08.04"]
[Round "4"]
[White "Rodi, Luis Ernesto"]
[Black "Porto, Cristiano Nogueira"]
[Result "1-0"]
[WhiteElo "2363"]
[BlackElo "2250"]
[PlyCount "119"]
[EventDate "2012.08.04"]
[EventType "swiss (rapid)"]
[EventRounds "7"]
[EventCountry "BRA"]
[SourceTitle "EXT 2014"]
[Source "ChessBase"]
[SourceDate "2013.11.20"]
[SourceVersion "1"]
[SourceVersionDate "2013.11.20"]
[SourceQuality "1"]

1. e4 e5 2. Nf3 d5 3. exd5 e4 4. Qe2 Nf6 5. d3 Qxd5 6. Nc3 Bb4 7. Nd2 Bxc3 8. bxc3 Qc6 9. Bb2 0-0 10. d4 Bg4 11. Qc4 Re8 12. Qxc6 Nxc6 13. Nc4 Nd5 14. Ne3 Nxe3 15. fxe3 Na5 16. c4 c6 17. Bc3 b6 18. Bxa5 bxa5 19. c5 Be6 20. Be2 Rab8 21. Kd2 Rb2 22. Rhb1 Reb8 23. Rxb2 Rxb2 24. Kc3 Rb4 25. a3 Rb8 26. Bc4 Bxc4 27. Kxc4 Rb2 28. c3 Kf8 29. Rd1 Ke7 30. d5 Kd7 31. d6 f5 32. Rf1 Ke6 33. g4 g6 34. gxf5+ gxf5 35. Rg1 Rxh2 36. Rg7 a6 37. Re7+ Kf6 38. Rc7 Ke6 39. Rxc6 Re2 40. Rc7 Rxe3 41. Re7+ Kf6 42. c6 Rd3 43. c7 Rxd6 44. c8Q Kxe7 45. Qxf5 Re6 46. Qxh7+ Kf6 47. Kd5 Re5+ 48. Kd4 Re6 49. Qh4+ Kf5 50. Qh3+ Kf6 51. Qf1+ Ke7 52. Ke3 Kd7 53. Qf5 Ke7 54. Qxa5 Kd7 55. c4 Rc6 56. Qd5+ Kc7 57. Kxe4 Kb6 58. a4 Rc5 59. a5+ Rxa5 60. Qd8+ 1-0

[Event "Rio de Janeiro Lendas"]
[Site "Rio de Janeiro"]
[Date "2007.10.12"]
[Round "1"]
[White "Porto, Cristiano Nogueira"]
[Black "Fucs, Paulo Moses"]
[Result "1-0"]
[WhiteElo "2256"]
[BlackElo "2148"]
[PlyCount "87"]
[EventDate "2007.10.12"]
[EventType "tourn"]
[EventRounds "11"]
[EventCountry "BRA"]
[SourceTitle "EXT 2008"]
[Source "ChessBase"]
[SourceDate "2007.11.25"]
[SourceVersion "1"]
[SourceVersionDate "2007.11.25"]
[SourceQuality "1"]

1. e4 c5 2. c3 a6 3. d4 e6 4. d5 d6 5. Nf3 Nf6 6. Be2 Be7 7. 0-0 e5 8. h3 Nbd7 9. Qc2 Nf8 10. Nh2 Ng6 11. a4 Bd7 12. a5 0-0 13. Be3 Qc8 14. Nd2 Nf4 15. Bxf4 exf4 16. Nc4 Qc7 17. Rad1 Ne8 18. Qd2 Bg5 19. Bf3 f6 20. Nb6 Rd8 21. h4 Bxh4 22. Qxf4 Bg5 23. Qg3 Kh8 24. Bg4 Bxg4 25. Nxg4 c4 26. f4 Bh6 27. Rd4 Qc5 28. Nxc4 f5 29. Nxh6 gxh6 30. b4 Qb5 31. exf5 Rxf5 32. Ne3 Rf7 33. Qh4 Qd7 34. Ng4 Rc8 35. Rf3 Ng7 36. Nxh6 Nf5 37. Nxf5 Qxf5 38. Qh3 Qxh3 39. Rxh3 Rfc7 40. Re4 Rxc3 41. Rxc3 Rxc3 42. Re7 Rc4 43. Rxb7 Rxf4 44. b5 1-0

[Event "Rio de Janeiro Lendas"]
[Site "Rio de Janeiro"]
[Date "2007.10.12"]
[Round "2"]
[White "Teixeira, Ricardo da Silva"]
[Black "Porto, Cristiano Nogueira"]
[Result "1-0"]
[WhiteElo "2397"]
[BlackElo "2256"]
[PlyCount "97"]
[EventDate "2007.10.12"]
[EventType "tourn"]
[EventRounds "11"]
[EventCountry "BRA"]
[SourceTitle "EXT 2008"]
[Source "ChessBase"]
[SourceDate "2007.11.25"]
[SourceVersion "1"]
[SourceVersionDate "2007.11.25"]
[SourceQuality "1"]

1. c4 Nf6 2. Nc3 e6 3. Nf3 d5 4. d4 Nbd7 5. Bg5 c6 6. cxd5 exd5 7. e3 Be7 8. Bd3 0-0 9. Qc2 Re8 10. 0-0 Ne4 11. Bxe4 dxe4 12. Nxe4 Nf8 13. Bxe7 Qxe7 14. Nc3 Ng6 15. Nd2 Qg5 16. f4 Qg4 17. h3 Qd7 18. Rae1 Ne7 19. Nf3 Nf5 20. Qf2 b6 21. e4 Ne7 22. Rd1 Ba6 23. Rfe1 Qc7 24. e5 Bc4 25. Ng5 Be6 26. g4 h6 27. Nge4 Nd5 28. f5 Nxc3 29. Nxc3 Bd5 30. Nxd5 cxd5 31. Re2 Rac8 32. Rde1 Kh7 33. Kg2 Qc6 34. e6 fxe6 35. Rxe6 Rxe6 36. fxe6 Qd6 37. Qf5+ Kg8 38. a3 Rc7 39. h4 Re7 40. g5 hxg5 41. hxg5 Qc6 42. g6 Qc8 43. Qh5 Rxe6 44. Qh7+ Kf8 45. Qh8+ Ke7 46. Qxc8 Rxe1 47. Qc7+ Kf6 48. Qf4+ Ke6 49. Qg4+ 1-0

[Event "Niteroi Curcio Memorial"]
[Site "Niteroi"]
[Date "2007.04.19"]
[Round "9.1"]
[White "Waghabi, Eduardo Ramos"]
[Black "Porto, Cristiano Nogueira"]
[Result "0-1"]
[WhiteElo "1830"]
[BlackElo "2242"]
[PlyCount "44"]
[EventDate "2007.02.22"]
[EventType "tourn"]
[EventRounds "9"]
[EventCountry "BRA"]
[SourceTitle "EXT 2022"]
[Source "ChessBase"]
[SourceDate "2021.10.06"]
[SourceVersion "1"]
[SourceVersionDate "2021.10.06"]
[SourceQuality "1"]

1. e4 e6 2. d4 d5 3. exd5 exd5 4. Bd3 Nf6 5. Nf3 Bg4 6. 0-0 Be7 7. Bg5 0-0 8. Nbd2 Ne4 9. Bxe7 Qxe7 10. Re1 f5 11. Nf1 Nd7 12. h3 Bh5 13. Ng3 Bg6 14. c3 Qd6 15. Nf1 Bh5 16. N1h2 g5 17. Qc2 g4 18. Bxe4 fxe4 19. Ne5 gxh3 20. Nxd7 Qxd7 21. gxh3 Qxh3 22. Re3 Bf3 0-1

[Event "Rio de Janeiro Masters op"]
[Site "Rio de Janeiro"]
[Date "2006.05.21"]
[Round "7"]
[White "Porto, Cristiano Nogueira"]
[Black "Guimaraes, Wagner Peixoto"]
[Result "0-1"]
[WhiteElo "2225"]
[BlackElo "2248"]
[PlyCount "84"]
[EventDate "2006.05.13"]
[EventType "swiss"]
[EventRounds "7"]
[EventCountry "BRA"]
[SourceTitle "EXT 2007"]
[Source "ChessBase"]
[SourceDate "2006.11.23"]
[SourceVersion "1"]
[SourceVersionDate "2006.11.23"]
[SourceQuality "1"]

1. e4 c5 2. c3 e6 3. d4 d5 4. exd5 exd5 5. Nf3 Nc6 6. Bb5 Bd6 7. Be3 c4 8. b3 cxb3 9. axb3 Nge7 10. Bd3 Bf5 11. 0-0 0-0 12. Qc2 Qd7 13. Nbd2 Rac8 14. Bxf5 Qxf5 15. Qxf5 Nxf5 16. Rfe1 Rfe8 17. Nf1 a6 18. N3d2 Na7 19. c4 Nc6 20. Nf3 f6 21. Ra4 Nce7 22. c5 Bc7 23. Rb1 Nc6 24. Bd2 Re4 25. Ne3 Nxe3 26. fxe3 Rce8 27. Kf2 g5 28. g3 h6 29. Re1 Kg7 30. Ng1 f5 31. Ne2 R4e7 32. Raa1 Kh7 33. b4 f4 34. exf4 gxf4 35. gxf4 Re4 36. Kf3 Rxe2 37. Bc3 Nxd4+ 38. Kg4 Rxe1 39. Rxe1 Rxe1 40. Bxe1 Kg6 41. Bd2 h5+ 42. Kg3 Kf5 0-1

[Event "Rio de Janeiro Masters op"]
[Site "Rio de Janeiro"]
[Date "2006.05.20"]
[Round "4"]
[White "Marcolino, Daniel Mattos"]
[Black "Porto, Cristiano Nogueira"]
[Result "0-1"]
[WhiteElo "1985"]
[BlackElo "2225"]
[PlyCount "141"]
[EventDate "2006.05.13"]
[EventType "swiss"]
[EventRounds "7"]
[EventCountry "BRA"]
[SourceTitle "EXT 2007"]
[Source "ChessBase"]
[SourceDate "2006.11.23"]
[SourceVersion "1"]
[SourceVersionDate "2006.11.23"]
[SourceQuality "1"]

1. d4 Nf6 2. Nf3 e6 3. Bg5 d5 4. c4 Bb4+ 5. Nc3 c6 6. cxd5 exd5 7. Qc2 0-0 8. e3 h6 9. Bh4 Re8 10. Bd3 Be7 11. 0-0 Ne4 12. Bxe7 Qxe7 13. Rab1 a5 14. Ne5 Nd7 15. f4 Nf8 16. Bxe4 dxe4 17. d5 Qc5 18. dxc6 Qxe3+ 19. Kh1 bxc6 20. Rbe1 Qc5 21. Qxe4 Ba6 22. Rg1 Rab8 23. Na4 Qf2 24. Qf3 Qxf3 25. Nxf3 Ne6 26. f5 Nf4 27. Nc5 Nd3 28. Nxd3 Bxd3 29. Rxe8+ Rxe8 30. Nd4 c5 31. Nb3 Bxf5 32. Rc1 Re2 33. Nxc5 Rxb2 34. a4 Be6 35. Nxe6 fxe6 36. h3 Rb4 37. Ra1 Kf7 38. Kg1 e5 39. Kf2 Ke6 40. Ra3 Kd5 41. Ke3 h5 42. Rd3+ Ke6 43. Ra3 Kf5 44. g3 Rb2 45. Rc3 Ra2 46. Rc5 Ra3+ 47. Kf2 g5 48. h4 Ra2+ 49. Ke3 g4 50. Rc8 Rg2 51. Rf8+ Ke6 52. Rh8 Rxg3+ 53. Kf2 Rf3+ 54. Ke2 Rf5 55. Ra8 g3 56. Rg8 Rf4 57. Rxg3 Rxa4 58. Rg6+ Kd5 59. Ra6 e4 60. Ra8 Ke5 61. Rh8 Kf4 62. Rxh5 Ra2+ 63. Kd1 Ke3 64. Rh8 Rh2 65. h5 Rh1+ 66. Kc2 Ke2 67. h6 e3 68. h7 Rh5 69. Kb3 Rh4 70. Ka3 Rh2 71. Ka2 0-1

[Event "Rio de Janeiro-ch Absoluto"]
[Site "Rio de Janeiro"]
[Date "2006.01.14"]
[Round "5"]
[White "Maia, Marco Aurelio Ferre"]
[Black "Porto, Cristiano Nogueira"]
[Result "1/2-1/2"]
[WhiteElo "2090"]
[BlackElo "2237"]
[PlyCount "24"]
[EventDate "2006.01.07"]
[EventType "swiss"]
[EventRounds "7"]
[EventCountry "BRA"]
[SourceTitle "EXT 2007"]
[Source "ChessBase"]
[SourceDate "2006.11.23"]
[SourceVersion "1"]
[SourceVersionDate "2006.11.23"]
[SourceQuality "1"]

1. d4 Nf6 2. c4 e6 3. Nc3 d5 4. cxd5 exd5 5. Bg5 Be7 6. Qc2 c6 7. e3 0-0 8. Bd3 h6 9. Bh4 Nbd7 10. Nf3 Re8 11. 0-0 Ne4 12. Bxe7 Qxe7 1/2-1/2

[Event "Rio de Janeiro-ch Absoluto"]
[Site "Rio de Janeiro"]
[Date "2006.01.07"]
[Round "1"]
[White "Da Costa e Silva, Rodrigo Bacellar"]
[Black "Porto, Cristiano Nogueira"]
[Result "0-1"]
[WhiteElo "2013"]
[BlackElo "2237"]
[PlyCount "60"]
[EventDate "2006.01.07"]
[EventType "swiss"]
[EventRounds "7"]
[EventCountry "BRA"]
[SourceTitle "EXT 2007"]
[Source "ChessBase"]
[SourceDate "2006.11.23"]
[SourceVersion "1"]
[SourceVersionDate "2006.11.23"]
[SourceQuality "1"]

1. d4 Nf6 2. Nf3 e6 3. c4 d5 4. Nc3 c6 5. cxd5 exd5 6. Bg5 Bb4 7. Qb3 a5 8. e3 0-0 9. Bd3 h6 10. Bh4 Nbd7 11. 0-0 Be7 12. Qc2 Re8 13. Bg3 Bb4 14. Bh4 b6 15. a3 Be7 16. Bg3 Bb7 17. Rab1 Nh5 18. Be5 b5 19. a4 b4 20. Ne2 Rc8 21. b3 c5 22. dxc5 Bxc5 23. Qb2 Nxe5 24. Nxe5 d4 25. f4 Rxe5 26. fxe5 Qg5 27. Ng3 dxe3 28. Rf5 e2+ 29. Kh1 Nxg3+ 30. hxg3 Qxg3 0-1

[Event "Rio de Janeiro Fexerj Masters"]
[Site "Rio de Janeiro"]
[Date "2005.06.25"]
[Round "5"]
[White "Vilela, Vinicius"]
[Black "Porto, Cristiano Nogueira"]
[Result "1/2-1/2"]
[WhiteElo "2157"]
[BlackElo "2245"]
[PlyCount "24"]
[EventDate "2005.03.08"]
[EventType "swiss"]
[EventRounds "7"]
[EventCountry "BRA"]
[SourceTitle "EXT 2007"]
[Source "ChessBase"]
[SourceDate "2006.11.23"]
[SourceVersion "1"]
[SourceVersionDate "2006.11.23"]
[SourceQuality "1"]

1. Nf3 e6 2. d4 d5 3. c3 Nd7 4. Bg5 Be7 5. Bxe7 Qxe7 6. e3 Ngf6 7. Bd3 e5 8. dxe5 Nxe5 9. Nxe5 Qxe5 10. Nd2 0-0 11. 0-0 c6 12. Qb3 Qe7 1/2-1/2

[Event "Rio de Janeiro Fexerj Masters"]
[Site "Rio de Janeiro"]
[Date "2005.06.19"]
[Round "2"]
[White "Porto, Cristiano Nogueira"]
[Black "Okamura, Milton Kasuo"]
[Result "1/2-1/2"]
[WhiteElo "2245"]
[BlackElo "2177"]
[PlyCount "21"]
[EventDate "2005.03.08"]
[EventType "swiss"]
[EventRounds "7"]
[EventCountry "BRA"]
[SourceTitle "EXT 2007"]
[Source "ChessBase"]
[SourceDate "2006.11.23"]
[SourceVersion "1"]
[SourceVersionDate "2006.11.23"]
[SourceQuality "1"]

1. e4 c5 2. c3 d5 3. exd5 Qxd5 4. Nf3 Nf6 5. d4 e6 6. Bd3 Nc6 7. 0-0 Be7 8. Be3 cxd4 9. Nxd4 0-0 10. Be2 Ne5 11. Nf3 1/2-1/2

[Event "Rio de Janeiro-ch Absoluto 04"]
[Site "Rio de Janeiro"]
[Date "2005.01.30"]
[Round "5"]
[White "Maia, Jose Eduardo Bastos"]
[Black "Porto, Cristiano Nogueira"]
[Result "0-1"]
[WhiteElo "2186"]
[BlackElo "2226"]
[PlyCount "102"]
[EventDate "2005.01.22"]
[EventType "swiss"]
[EventRounds "6"]
[EventCountry "BRA"]
[SourceTitle "EXT 2007"]
[Source "ChessBase"]
[SourceDate "2006.11.23"]
[SourceVersion "1"]
[SourceVersionDate "2006.11.23"]
[SourceQuality "1"]

1. d4 Nf6 2. Bg5 e6 3. e4 Be7 4. Nd2 d5 5. e5 Nfd7 6. Bxe7 Qxe7 7. Qg4 f6 8. f4 c5 9. c3 Nc6 10. Ngf3 0-0 11. Bd3 cxd4 12. cxd4 f5 13. Qh5 g6 14. Qh6 Re8 15. h4 Nd8 16. Ng5 Qg7 17. Qxg7+ Kxg7 18. h5 h6 19. Ngf3 Nf8 20. Ke2 Bd7 21. hxg6 Nxg6 22. Ke3 Rh8 23. Rac1 Nc6 24. Nb3 b6 25. Bb5 Rac8 26. Rc3 Ncxe5 27. Rxc8 Rxc8 28. dxe5 Bxb5 29. Nbd4 Bd7 30. g3 Ne7 31. Rd1 Rc5 32. Rd3 Kg6 33. Ra3 Rc7 34. Rd3 Rc1 35. Rd2 a5 36. Rc2 Rxc2 37. Nxc2 Nc6 38. Ncd4 Nb8 39. Ng1 Na6 40. Nge2 Nc5 41. Nc3 Kh5 42. a3 Kg4 43. Nde2 Nb3 44. Kf2 d4 45. Nd1 Bb5 46. Ng1 Nd2 47. b4 axb4 48. axb4 Ne4+ 49. Kg2 Bc6 50. Nf2+ Nxf2+ 51. Kxf2 d3 0-1

[Event "Rio de Janeiro-ch Absoluto 04"]
[Site "Rio de Janeiro"]
[Date "2005.01.23"]
[Round "3"]
[White "Limp, Eduardo Thelio"]
[Black "Porto, Cristiano Nogueira"]
[Result "1-0"]
[WhiteElo "2450"]
[BlackElo "2226"]
[PlyCount "103"]
[EventDate "2005.01.22"]
[EventType "swiss"]
[EventRounds "6"]
[EventCountry "BRA"]
[SourceTitle "EXT 2007"]
[Source "ChessBase"]
[SourceDate "2006.11.23"]
[SourceVersion "1"]
[SourceVersionDate "2006.11.23"]
[SourceQuality "1"]

1. d4 Nf6 2. Nf3 e6 3. c3 d5 4. Bg5 Nbd7 5. Nbd2 Be7 6. e3 0-0 7. Bd3 b6 8. 0-0 Bb7 9. Qb1 h6 10. Bf4 c5 11. Ne5 Nxe5 12. Bxe5 Bd6 13. f4 Ng4 14. Qe1 f5 15. Bxd6 Qxd6 16. Nf3 Nf6 17. h3 Rac8 18. Qh4 cxd4 19. exd4 Ne4 20. Ne5 Qd8 21. Qe1 Rc7 22. Kh2 Qf6 23. Rf3 g5 24. g3 Rg7 25. Qe3 Kh8 26. Raf1 g4 27. hxg4 fxg4 28. Bxe4 gxf3 29. Bxf3 Rfg8 30. g4 Ba6 31. Rh1 Rh7 32. Kg3 Rf8 33. Bd1 Kg8 34. Bc2 Rg7 35. Rh2 Bb5 36. Rf2 Be8 37. Kh3 h5 38. Kg3 hxg4 39. Rh2 Bd7 40. Bh7+ Rxh7 41. Rxh7 Kxh7 42. Nxd7 Qh6 43. Nxf8+ Qxf8 44. Qxe6 Qa8 45. Kxg4 Qb7 46. f5 Qa6 47. Qf7+ Kh8 48. Qe8+ Kg7 49. Qe7+ Kh6 50. f6 Qc8+ 51. Kh4 Qg8 52. f7 1-0

[Event "Rio de Janeiro Fexerj Masters"]
[Site "Rio de Janeiro"]
[Date "2003.??.??"]
[Round "6"]
[White "Porto, Cristiano Nogueira"]
[Black "Okamura, Milton Kasuo"]
[Result "1-0"]
[WhiteElo "2222"]
[BlackElo "2227"]
[PlyCount "113"]
[EventDate "2003.06.18"]
[EventType "swiss"]
[EventRounds "7"]
[EventCountry "BRA"]
[SourceTitle "EXT 2007"]
[Source "ChessBase"]
[SourceDate "2006.11.23"]
[SourceVersion "1"]
[SourceVersionDate "2006.11.23"]
[SourceQuality "1"]

1. e4 c5 2. c3 d5 3. exd5 Qxd5 4. Nf3 Nf6 5. d4 e6 6. Bd3 Nc6 7. 0-0 Be7 8. a3 0-0 9. Be3 b6 10. c4 Qd6 11. dxc5 bxc5 12. Qe2 e5 13. Nc3 Bg4 14. Rad1 Qc7 15. Ne4 Nd7 16. Nc3 f5 17. h3 Bxf3 18. Qxf3 e4 19. Nxe4 fxe4 20. Qxe4 Nf6 21. Qh4 Rad8 22. Rfe1 Rd7 23. Bg5 Rd4 24. f4 g6 25. Re6 Qd7 26. Rde1 Rxd3 27. Rxc6 Qxc6 28. Rxe7 Rd2 29. Qg3 Qd6 30. Rxa7 Nh5 31. Qc3 Qd4+ 32. Qxd4 cxd4 33. c5 Rxb2 34. c6 Rc2 35. c7 Rc8 36. Bd8 Nxf4 37. Rb7 Rxg2+ 38. Kf1 Rc2 39. Rb8 R2xc7 40. Bxc7 Rxb8 41. Bxb8 Nd5 42. Ke2 Kf7 43. Kd3 Ke6 44. Kxd4 Nb6 45. Bf4 Nd5 46. Bg3 Ne7 47. Kc5 Kd7 48. a4 g5 49. a5 Nc8 50. a6 h5 51. Kd5 g4 52. h4 Ne7+ 53. Kc5 Kc8 54. Bh2 Nf5 55. Kb6 Ne7 56. a7 Nd5+ 57. Kc5 1-0

[Event "Petrosian Memorial"]
[Site "Rio de Janeiro"]
[Date "2000.12.09"]
[Round "3"]
[White "Guedes, Sebastiao Henrique"]
[Black "Porto, Cristiano Nogueira"]
[Result "0-1"]
[WhiteElo "2017"]
[BlackElo "2215"]
[PlyCount "65"]
[EventDate "2000.12.02"]
[EventType "tourn"]
[EventRounds "11"]
[EventCountry "BRA"]
[SourceTitle "EXT 2002"]
[Source "ChessBase"]
[SourceDate "2001.11.25"]
[SourceVersion "1"]
[SourceVersionDate "2001.11.25"]
[SourceQuality "1"]

1. d4 Nf6 2. Nf3 e6 3. c4 Bb4+ 4. Bd2 Qe7 5. a3 Bxd2+ 6. Qxd2 d5 7. e3 Ne4 8. Qc2 c6 9. Bd3 f5 10. 0-0 Nd7 11. Nbd2 0-0 12. b4 a5 13. cxd5 exd5 14. b5 Rf6 15. Rfc1 c5 16. dxc5 Ndxc5 17. Nb3 b6 18. a4 Bd7 19. Nfd4 Rc8 20. Qb1 Re8 21. Ra2 Rh6 22. Nf3 Qf6 23. g3 Nc3 24. Rxc3 Qxc3 25. Nxc5 Qxc5 26. Bxf5 Bxf5 27. Qxf5 Rf8 28. Qg4 Rhf6 29. Nd4 Qc1+ 30. Kg2 Qe1 31. Nf3 Rxf3 32. Qxf3 Rxf3 33. Kxf3 0-1